000 00474nam a2200181 a 4500
001 1771063879275
003 YourLibrary
005 20260214154420.0
008 260214s2008##################000#0#eng##
020 _a9781904977933
082 0 4 _a307.7209
_bRUM
100 1 _aRumbold, Judy,
_eauthor.
245 1 0 _aReasons Not to Move to Country :
260 _bShort Books,
_c2008.
650 0 _aCountry life.
942 _cENGLISH
040 _aYourLibrary
_beng
_cYourLibrary
999 _c612428
_d612428